'Relative' TV Shows Quiz Stats

 Plays Quiz not verified by Sporcle

Challenge
Share
Tweet
Embed
Score 0/23 Timer 07:00
0 Plays Today
Years On Show % Correct
2005 - PresentHow I Met Your Mother
78.2%
1994 - 1999Sister, Sister
67.9%
2006 - PresentBrothers and Sisters
63.4%
1970 - PresentAll My Children
61.9%
1987 - 1997Married With Children
61.5%
1960 - 1972My Three Sons
52.9%
2005 - PresentAmerican Dad
47.4%
1954 - 1960Father Knows Best
46.5%
1972 - 1977Sanford & Son
44%
1983 - 1990Mama's Family
42.3%
2002 - 20058 Simple Rules for Dating My Teenage Daughter
42.1%
2001 - 2005My Wife and Kids
39.1%
Years On Show % Correct
1987 - 1990My Two Dads
39.1%
2000 - PresentBig Brother
37.4%
1969 - 1972The Courtship of Eddie's Father
26.9%
1953 - 1965Make Room For Daddy
26.2%
1971 - 1977McMillan & Wife
25.4%
1986 - 1988My Sister Sam
24.1%
1964 - 1968The Man from U.N.C.L.E.
23%
1965 - 1966My Mother the Car
21.6%
1967 - 1969The Mothers-In-Law
13.7%
1957 - 1962Bachelor Father
11%
1966 - 1967The Girl from U.N.C.L.E.
6.6%

You're not logged in!

Compare scores with friends on all Sporcle quizzes.
OR
Log In

You Might Also Like...

Show Comments

Extras

Top Quizzes Today


Score Distribution

Your Account Isn't Verified!

In order to create a playlist on Sporcle, you need to verify the email address you used during registration. Go to your Sporcle Settings to finish the process.

Report this User

Report this user for behavior that violates our Community Guidelines.

Details: